Logo BPK

Biblioteka

Politechniki Koszalińskiej

Katalog innovacionnych proektov i razrabotok organizacij Nacional'noj Akademii Nauk Belarusi 2001-2005. / (Rekord nr 35200)

Szczegóły MARC
000 -ETYKIETA REKORDU
podpole kontrolne o stałej długości 00601nam a2200193 i 4500
001 - NUMER KONTROLNY REKORDU
pole kontrolne bg
020 ## - MIĘDZYNARODOWY ZNORMALIZOWANY NUMER KSIĄŻKI - ISBN
ISBN 9850807040
040 ## - ŹRÓDŁO KATALOGOWANIA
Instytucja, która utworzyła rekord BPK
041 0# - KOD JĘZYKA
Kod języka tekstu rus
080 ## - UNIWERSALNA KLASYFIKACJA DZIESIĘTNA - UKD
UKD 001.89(476)"2001/2005"(085)
920 ## - Międzynarodowy znormalizowany numer książki – ISBN
ISBN 985-08-0704-0
008 - POLE O STAŁEJ DŁUGOŚCI - DANE KONTROLNE
podpole kontrolne o stałej długości s pl f |000 0 pol
245 00 - TYTUŁ/ODPOWIEDZIALNOŚĆ
Tytuł Katalog innovacionnych proektov i razrabotok organizacij Nacional'noj Akademii Nauk Belarusi 2001-2005. /
Pozostałe elementy strefy tytułu i oznaczenia odpowiedzialności Nacional'naja Akademia Nauk Belarusi.
260 ## - STREFA ADRESU WYDAWNICZEGO
Miejsce wydania Minsk :
Nazwa wydawcy/dystrybutora "Beloruskaja nauka",
Data publikacji, dystrybucji/powstania dokumentu 2006.
300 ## - STREFA OPISU FIZYCZNEGO
Objętość 923 s. :
Inne cechy fizyczne fot. ;
Rozmiary 20 cm.
650 #9 - HASŁO PRZEDMIOTOWE W FORMIE NAZWY OGÓLNEJ LUB JEDNOSTKOWEJ
Nazwa ogólna lub geograficzna Innowacje
Określnik geograficzny Białoruś
655 ## - TERMIN INDEKSOWY - OKREŚLENIE RODZAJU/FORMY DOKUMENTU
Określenie rodzaju/formy dokumentu Katalogi
942 ## - DODATKOWE ELEMENTY (KOHA)
Typ dokumentu Katalog
Egzemplarze
Wycofany Status egzemplarza Uszkodzony Dostępność Lokalizacja stała Lokalizacja bieżąca Miejsce przechowywania Sygnatura Kod kreskowy Typ dokumentu
      Dostępny Biblioteka Politechniki Koszalińskiej Biblioteka Politechniki Koszalińskiej Wypożyczalnia BG KC 3494 02204949 Katalog
© 2023 Biblioteka Politechniki Koszalińskiej :: KOHA